Statystyki dla Polskie Seriale z Największą Liczbą Odcinków

Kliknij tutaj aby rozwiązać quiz!

Ogólne statystyki

  • Ten quiz został rozwiązany 5 384 razy
    (1 418 od ostatniego zresetowania)
  • Średni wynik to 5 z 10

Statystyki odpowiedzi

Lp.Lata emisjiLiczba odcinkówSerial% Poprawnych
6.2000 - obecnie1697M jak miłość
95%
1.1997 - obecnie4074Klan
81%
4.2007 - obecnie2725Barwy szczęścia
74%
2.2003 - obecnie3549Na Wspólnej
74%
3.2004 - obecnie3529Pierwsza miłość
55%
5.2000 - 20121829Plebania
43%
10.2010 - obecnie1197Dlaczego Ja?
36%
8.2012 - obecnie1463Ukryta prawda
35%
7.2002 - 20101554Samo Życie
20%
9.2004 - 20141377W11 - Wydział Śledczy
15%

Rozkład punktacji

Percentyl według liczby udzielonych odpowiedzi

Procent ludzi z każdym wynikiem

Twoja historia wyników

Nie rozwiązałeś tego quizu od ostatniego zresetowania